000
00286nam a22001337a 4500
008
181102b xxu||||| |||| 00| 0 eng d
020
_a
0070348480
041
_a
eng
080
_a
612.39
100
_a
10
101
_a
NUT
245
_a
Nutrition Almanac
_c
Hill,M.G
942
_2
udc
_c
BK
999
_c
51668
_d
51668